Applied Sociology for BSc Nursing Students (Record no. 362462)

MARC details
000 -LEADER
fixed length control field 00469nam a22001817a 4500
005 - DATE AND TIME OF LATEST TRANSACTION
control field 20250911140916.0
008 - FIXED-LENGTH DATA ELEMENTS--GENERAL INFORMATION
fixed length control field 250107b |||||||| |||| 00| 0 eng d
020 ## - INTERNATIONAL STANDARD BOOK NUMBER
International Standard Book Number 978-81-89966-41-3
041 ## - LANGUAGE CODE
Language code of text/sound track or separate title English
082 ## - DEWEY DECIMAL CLASSIFICATION NUMBER
Classification number SO 301 CLE DB1318
100 ## - MAIN ENTRY--PERSONAL NAME
Author Clement I
245 ## - TITLE STATEMENT
Title Applied Sociology for BSc Nursing Students
250 ## - EDITION STATEMENT
Edition statement 5th ed.
260 ## - PUBLICATION, DISTRIBUTION, ETC.
Place of publication, distribution, etc. Hyderabad
Name of publisher, distributor, etc. Frontline Publications
Date of publication, distribution, etc. 2024
300 ## - PHYSICAL DESCRIPTION
Extent 310p
365 ## - TRADE PRICE
Price amount Rs. 500
942 ## - ADDED ENTRY ELEMENTS (KOHA)
Koha item type Donated Book
Holdings
Withdrawn status Lost status Source of classification or shelving scheme Damaged status Not for loan Home library Current library Date acquired Net Price Bill number Total Checkouts Full call number Barcode Date last seen Date last checked out Bill Date Koha item type Original Barcode Total Renewals
    Dewey Decimal Classification     Smt. Bakul Tambat Institute of Nursing Education Smt. Bakul Tambat Institute of Nursing Education 07/01/2025 500.00 IK#2024-2025#315 1 SO 301 CLE DB1318 BTIN-DB-1318 24/11/2025 14/11/2025 07/01/2025 Donated Book DB1318  
    Dewey Decimal Classification     Smt. Bakul Tambat Institute of Nursing Education Smt. Bakul Tambat Institute of Nursing Education 22/08/2025 500.00 IK#2025-26#666 2 SO 301 CLE DB1439 BTIN-DB-1439 27/03/2026 11/03/2026 22/08/2025 Donated Book DB1439 1